[Event "SLO-chT 29th"]
[Site "Slovenia"]
[Date "2019.11.24"]
[Round "6.2"]
[White "Srebrnic, Ana"]
[Black "Bajt, Hana"]
[Result "1-0"]
[WhiteElo "2165"]
[BlackElo "1744"]
[PlyCount "111"]
[EventDate "2019.09.06"]
[EventType "team-tourn"]
[EventRounds "9"]
[EventCountry "SLO"]
[SourceTitle "CBM 193 Extra"]
[Source "ChessBase"]
[SourceDate "2020.01.31"]
[SourceVersion "1"]
[SourceVersionDate "2020.01.31"]
[SourceQuality "1"]
[WhiteTeam "Ljubljana"]
[BlackTeam "Novo Mesto Krka"]
[WhiteTeamCountry "SLO"]
[BlackTeamCountry "SLO"]

1. e4 e5 2. d4 exd4 3. Qxd4 Nc6 4. Qe3 b6 5. Nc3 Nge7 6. Bd2 Ng6 7. Nd5 Bb7 8. 0-0-0 Nce7 9. Nc3 Nc6 10. Nd5 Nce7 11. Nxe7 Qxe7 12. f3 0-0-0 13. Bc4 f6 14. Nh3 Qc5 15. Qe2 Bd6 16. a3 a5 17. Be3 Qe5 18. Bd4 Qe7 19. g3 Bc5 20. Bc3 Rhe8 21. Rhe1 d5 22. exd5 Qxe2 23. Bxe2 Bxd5 24. Ba6+ Bb7 25. Rxd8+ Rxd8 26. Bxb7+ Kxb7 27. b4 axb4 28. axb4 Bd6 29. Nf2 h5 30. Ne4 Be5 31. f4 Bxc3 32. Nxc3 Rd4 33. Re8 Rd7 34. Rg8 h4 35. Nd1 Re7 36. Kd2 Kc6 37. Ne3 Rd7+ 38. Ke2 hxg3 39. hxg3 Re7 40. Kf3 Kb5 41. c3 Rf7 42. Ke4 Nf8 43. Nf5 g6 44. Nh6 Re7+ 45. Kd3 Rd7+ 46. Kc2 Nh7 47. Rxg6 Kc4 48. Nf5 Rd3 49. Rg7 Rxc3+ 50. Kd2 Kxb4 51. Rxh7 c5 52. Rb7 Rf3 53. Rxb6+ Kc4 54. Rxf6 Kd5 55. Ke2 Ra3 56. Ne3+ 1-0

[Event "SLO-chT U20 Girls"]
[Site "Dobrna"]
[Date "2019.08.28"]
[Round "2"]
[White "Bajt, Hana"]
[Black "Kralj, Nika"]
[Result "1-0"]
[WhiteElo "1744"]
[BlackElo "1851"]
[PlyCount "67"]
[EventDate "2019.08.27"]
[EventType "team-swiss"]
[EventRounds "5"]
[EventCountry "SLO"]
[SourceTitle "EXT 2020"]
[Source "ChessBase"]
[SourceDate "2019.10.17"]
[SourceVersion "1"]
[SourceVersionDate "2019.10.17"]
[SourceQuality "1"]

1. e4 g6 2. d4 Bg7 3. Nc3 d6 4. f4 a6 5. Nf3 b5 6. a3 Bb7 7. Bd3 c5 8. Be3 Nd7 9. 0-0 Ngf6 10. d5 Ng4 11. Qd2 Nxe3 12. Qxe3 Bxc3 13. bxc3 c4 14. Be2 Qb6 15. Qxb6 Nxb6 16. Nd4 0-0 17. f5 Na4 18. Rf3 Nc5 19. Re3 Rad8 20. Bg4 Rfe8 21. h4 Ba8 22. Rf1 Kg7 23. fxg6 hxg6 24. h5 e6 25. hxg6 f5 26. exf5 exf5 27. Nxf5+ Kxg6 28. Ne7+ Kg5 29. Bh3 Rf8 30. Rg3+ Kh4 31. Rxf8 Rxf8 32. Rg7 Rf6 33. Rg8 Bb7 34. Nf5+ 1-0

[Event "SLO-chT U20 Girls"]
[Site "Dobrna"]
[Date "2019.08.27"]
[Round "1"]
[White "Pajek, Tjasa"]
[Black "Bajt, Hana"]
[Result "1-0"]
[WhiteElo "1451"]
[BlackElo "1744"]
[PlyCount "119"]
[EventDate "2019.08.27"]
[EventType "team-swiss"]
[EventRounds "5"]
[EventCountry "SLO"]
[SourceTitle "EXT 2020"]
[Source "ChessBase"]
[SourceDate "2019.10.17"]
[SourceVersion "1"]
[SourceVersionDate "2019.10.17"]
[SourceQuality "1"]

1. e4 e5 2. Nf3 Nc6 3. Bb5 Nf6 4. d3 Bc5 5. c3 d6 6. Nbd2 0-0 7. 0-0 a6 8. Ba4 b5 9. Bc2 Re8 10. h3 h6 11. Re1 d5 12. exd5 Qxd5 13. Ne4 Nxe4 14. dxe4 Qe6 15. Qd5 Bb6 16. Qxe6 Bxe6 17. Be3 Bxe3 18. Rxe3 Rad8 19. Rd3 Rxd3 20. Bxd3 Rd8 21. Bc2 f6 22. b3 Kf7 23. Kf1 g5 24. Rd1 Rxd1+ 25. Bxd1 a5 26. Ke2 b4 27. c4 a4 28. Kd3 a3 29. g4 h5 30. Nh2 h4 31. Nf3 Ke7 32. Ng1 Kd6 33. f3 Kc5 34. Ne2 Na5 35. Nc1 Nxc4 36. bxc4 Bxc4+ 37. Ke3 Bf1 38. Be2 Bxh3 39. Nb3+ Kb6 40. Kf2 c6 41. Kg1 Kc7 42. Kh2 Bxg4 43. fxg4 Kb6 44. Bc4 Kc7 45. Nc5 Kd6 46. Nd3 c5 47. Ne1 Kc6 48. Ng2 b3 49. Bxb3 Kb5 50. Ne3 Kb4 51. Nc2+ Kc3 52. Nxa3 Kb4 53. Nc4 Kb5 54. a4+ Kc6 55. Ne3 Kb6 56. Nd5+ Ka5 57. Nxf6 Kb4 58. Bc2 c4 59. Nh7 Kc3 60. a5 1-0

[Event "SLO-CupT"]
[Site "Dobrna"]
[Date "2019.04.14"]
[Round "4.4"]
[White "Mohar, Martin"]
[Black "Bajt, Hana"]
[Result "1-0"]
[WhiteElo "1657"]
[BlackElo "1757"]
[PlyCount "99"]
[EventDate "2019.04.12"]
[EventType "team-swiss"]
[EventRounds "5"]
[EventCountry "SLO"]
[SourceTitle "EXT 2020"]
[Source "ChessBase"]
[SourceDate "2019.10.17"]
[SourceVersion "1"]
[SourceVersionDate "2019.10.17"]
[SourceQuality "1"]
[WhiteTeam "Radenska Pomgrad"]
[BlackTeam "Novo Mesto Krka"]
[WhiteTeamCountry "SLO"]
[BlackTeamCountry "SLO"]

1. d4 d5 2. c4 dxc4 3. Nf3 Nf6 4. e3 e6 5. Bxc4 a6 6. a4 Bb4+ 7. Bd2 Bxd2+ 8. Nbxd2 0-0 9. 0-0 Nc6 10. Rc1 Re8 11. Nb3 Ne7 12. Nc5 b6 13. Nd3 Bb7 14. b4 Qd6 15. Nfe5 Ned5 16. b5 axb5 17. Bxb5 Re7 18. Nc6 Bxc6 19. Bxc6 Ra7 20. Ne5 Ne4 21. Bxd5 exd5 22. Nc6 Ra8 23. Nxe7+ Qxe7 24. Qc2 Rc8 25. Qc6 Qd8 26. Rc2 Nf6 27. Rfc1 Ne8 28. Qb5 h6 29. Qb4 Nd6 30. Qb3 Nc4 31. e4 c6 32. exd5 cxd5 33. Re1 Rc6 34. Rce2 Qf6 35. Qd3 g6 36. Qh3 Kg7 37. Qd3 Qf4 38. g3 Qg5 39. f4 Qg4 40. Kg2 h5 41. h3 Qd7 42. Re7 Qd6 43. f5 Nb2 44. Qe2 Qa3 45. Qe5+ Kh6 46. Qh8+ Kg5 47. h4+ Kg4 48. R7e4+ dxe4 49. Rxe4+ Kxf5 50. Qe5# 1-0

[Event "Nova Gorica op 24th"]
[Site "Nova Gorica"]
[Date "2019.01.28"]
[Round "6"]
[White "Bajt, Hana"]
[Black "Laco, Giuseppe"]
[Result "0-1"]
[WhiteElo "1735"]
[BlackElo "1985"]
[PlyCount "104"]
[EventDate "2019.01.25"]
[EventType "swiss"]
[EventRounds "9"]
[EventCountry "SLO"]
[SourceTitle "CBM 188 Extra"]
[Source "ChessBase"]
[SourceDate "2019.02.28"]
[SourceVersion "1"]
[SourceVersionDate "2019.02.28"]
[SourceQuality "1"]

1. e4 c5 2. c3 d5 3. exd5 Qxd5 4. d4 Nc6 5. Nf3 e5 6. Nxe5 Nxe5 7. dxe5 Qxe5+ 8. Be2 Bd6 9. Be3 Be6 10. Nd2 Ne7 11. Nf3 Qd5 12. c4 Qc6 13. Ng5 Bf5 14. Bf3 Qc7 15. g3 0-0 16. 0-0 h6 17. Ne4 Be5 18. Qb3 b6 19. Nc3 Rad8 20. Nb5 Qb8 21. Rfd1 Be6 22. Nc3 Nf5 23. Nd5 Rfe8 24. Re1 Nd4 25. Bxd4 Bxd4 26. Qc2 b5 27. cxb5 Rxd5 28. Bxd5 Bxd5 29. a4 g6 30. Qd2 Kh7 31. Rxe8 Qxe8 32. Re1 Qd7 33. Qd3 Qh3 34. Qf1 Qxf1+ 35. Kxf1 Bxb2 36. Ke2 Bf6 37. Kd3 c4+ 38. Kc2 Bd8 39. Rd1 Be4+ 40. Kc3 Bd3 41. Rc1 Ba5+ 42. Kd4 Bb6+ 43. Kc3 Ba5+ 44. Kd4 Kg7 45. f4 Kf6 46. h3 Ke6 47. Ra1 Kd6 48. Ra2 Bd8 49. Ra3 Bf6+ 50. Ke3 Kc5 51. h4 Bb2 52. Ra2 Bc1+ 0-1

[Event "Otocec Krka Terme op"]
[Site "Otocec"]
[Date "2018.12.28"]
[Round "7"]
[White "Bajt, Hana"]
[Black "Ruzic, Pia Marie"]
[Result "1/2-1/2"]
[WhiteElo "1769"]
[BlackElo "1619"]
[PlyCount "72"]
[EventDate "2018.12.25"]
[EventType "swiss"]
[EventRounds "9"]
[EventCountry "SLO"]
[SourceTitle "EXT 2020"]
[Source "ChessBase"]
[SourceDate "2019.10.17"]
[SourceVersion "1"]
[SourceVersionDate "2019.10.17"]
[SourceQuality "1"]

1. e4 e6 2. d4 d5 3. Nd2 dxe4 4. Nxe4 Nd7 5. Nf3 Ngf6 6. Nxf6+ Nxf6 7. Bd3 c5 8. dxc5 Qa5+ 9. c3 Qxc5 10. Be3 Qc7 11. 0-0 Be7 12. Qc2 0-0 13. Bd4 h6 14. Rfe1 Bd7 15. Ne5 Bc6 16. Nxc6 Qxc6 17. Re3 Bc5 18. Bxc5 Qxc5 19. Rae1 Rad8 20. Rg3 Rd5 21. b4 Qd6 22. c4 Re5 23. Rxe5 Qxe5 24. Re3 Qa1+ 25. Qb1 Qxb1+ 26. Bxb1 Rd8 27. Rd3 Rxd3 28. Bxd3 Kf8 29. f3 Ke7 30. Kf2 g6 31. Ke3 e5 32. a3 b6 33. Bc2 Kd6 34. Bb3 g5 35. g4 Kc6 36. Ba4+ Kd6 1/2-1/2

[Event "Otocec Krka Terme op"]
[Site "Otocec"]
[Date "2018.12.27"]
[Round "6"]
[White "Bevc Taranis, Tin"]
[Black "Bajt, Hana"]
[Result "0-1"]
[WhiteElo "1050"]
[BlackElo "1769"]
[PlyCount "96"]
[EventDate "2018.12.25"]
[EventType "swiss"]
[EventRounds "9"]
[EventCountry "SLO"]
[SourceTitle "EXT 2020"]
[Source "ChessBase"]
[SourceDate "2019.10.17"]
[SourceVersion "1"]
[SourceVersionDate "2019.10.17"]
[SourceQuality "1"]

1. e4 e5 2. Nf3 Nc6 3. Bc4 Bc5 4. Nc3 Nf6 5. d3 a6 6. 0-0 d6 7. h3 Be6 8. Bg5 h6 9. Bh4 g5 10. Bg3 Bxc4 11. dxc4 Nh5 12. Kh1 Nxg3+ 13. fxg3 Qd7 14. Na4 Ba7 15. c5 g4 16. Ng1 gxh3 17. gxh3 0-0-0 18. Qg4 Qxg4 19. hxg4 Rh7 20. cxd6 Rxd6 21. Rad1 Rxd1 22. Rxd1 Nd4 23. c3 Ne6 24. Nf3 b5 25. Nxe5 bxa4 26. Nc6 Bc5 27. b4 axb3 28. axb3 Rg7 29. b4 Bf8 30. Ne5 Bd6 31. Nc4 Bxg3 32. Rg1 Rxg4 33. Ne3 Rg5 34. Nf1 Be5 35. c4 Rxg1+ 36. Kxg1 Bc3 37. b5 axb5 38. cxb5 Nd4 39. Ng3 Be1 40. Nf5 Nxf5 41. exf5 f6 42. Kg2 Kb7 43. Kf3 Kb6 44. Kg4 Kxb5 45. Kh5 c5 46. Kxh6 c4 47. Kg6 Bh4 48. Kh5 Bg5 0-1

[Event "SLO-ch U18 Girls"]
[Site "Portoroz"]
[Date "2018.02.26"]
[Round "1"]
[White "Bajt, Hana"]
[Black "Hrescak, Ivana"]
[Result "0-1"]
[WhiteElo "1754"]
[BlackElo "2011"]
[PlyCount "66"]
[EventDate "2018.02.26"]
[EventType "tourn"]
[EventRounds "6"]
[EventCountry "SLO"]
[SourceTitle "EXT 2019"]
[Source "ChessBase"]
[SourceDate "2018.10.10"]
[SourceVersion "1"]
[SourceVersionDate "2018.10.10"]
[SourceQuality "1"]

1. e4 c5 2. c3 d5 3. exd5 Qxd5 4. d4 Nf6 5. Nf3 Bg4 6. dxc5 Qxd1+ 7. Kxd1 e5 8. b4 e4 9. h3 Bh5 10. g4 Nxg4 11. hxg4 Bxg4 12. Nbd2 exf3 13. Bd3 Nd7 14. Re1+ Be7 15. Nc4 Be6 16. Bf4 0-0-0 17. Nd6+ Bxd6 18. Bxd6 Nf6 19. Kc2 Ng4 20. Be7 Rdg8 21. Rf1 Ne5 22. a4 Re8 23. Bh4 Nxd3 24. Kxd3 Bf5+ 25. Kd2 Re2+ 26. Kd1 f6 27. Bg3 g5 28. Rc1 h5 29. Re1 Rhe8 30. Rxe2 Rxe2 31. b5 h4 32. Bh2 Rxf2 33. Bg1 Rg2 0-1

[Event "Otocec Krka Terme op"]
[Site "Otocec"]
[Date "2017.11.02"]
[Round "3"]
[White "Kastelic, Amadej"]
[Black "Bajt, Hana"]
[Result "1/2-1/2"]
[WhiteElo "1202"]
[BlackElo "1606"]
[PlyCount "196"]
[EventDate "2017.11.02"]
[EventType "swiss"]
[EventRounds "9"]
[EventCountry "SLO"]
[SourceTitle "EXT 2019"]
[Source "ChessBase"]
[SourceDate "2018.10.10"]
[SourceVersion "1"]
[SourceVersionDate "2018.10.10"]
[SourceQuality "1"]

1. e4 e5 2. Nf3 Nc6 3. Bb5 Nf6 4. 0-0 Nxe4 5. Re1 Nd6 6. Bxc6 dxc6 7. Nxe5 Be7 8. h3 0-0 9. d4 Re8 10. Bf4 Bg5 11. Bxg5 Qxg5 12. Nf3 Rxe1+ 13. Qxe1 Qg6 14. Kh1 Qxc2 15. Qc3 Qxf2 16. d5 Bd7 17. Ne5 Qf1+ 18. Kh2 Qf4+ 19. Kg1 Ne4 20. Qd4 c5 21. Nd3 cxd4 22. Nxf4 g5 23. Nd3 Bb5 24. Nf2 Re8 25. Nxe4 Rxe4 26. Nd2 Re5 27. Rc1 Rxd5 28. Rxc7 Bc6 29. Re7 Rc5 30. Nb3 Rd5 31. Re1 Kg7 32. Rd1 d3 33. Nc1 Bb5 34. Kf2 Rc5 35. Nxd3 Bxd3 36. Rxd3 Rc2+ 37. Kf3 Rxb2 38. a4 a6 39. g3 Rb4 40. Rd7 Kg6 41. a5 Rb5 42. Rd6+ f6 43. Rd7 h5 44. g4 Rxa5 45. Rxb7 Ra1 46. Rb6 hxg4+ 47. hxg4 a5 48. Ra6 Ra3+ 49. Kg2 a4 50. Ra5 Ra1 51. Ra7 a3 52. Ra6 Kf7 53. Ra7+ Ke6 54. Ra6+ Ke5 55. Ra5+ Kf4 56. Ra4+ Ke3 57. Ra6 a2 58. Re6+ Kf4 59. Rxf6+ Kxg4 60. Ra6 Kf4 61. Ra4+ Ke3 62. Ra8 Kd4 63. Rd8+ Kc5 64. Rc8+ Kb6 65. Ra8 Kb7 66. Ra3 Kb6 67. Ra4 Kb5 68. Ra8 Kc4 69. Rc8+ Kd5 70. Rd8+ Ke4 71. Re8+ Kf5 72. Rf8+ Kg4 73. Ra8 Rb1 74. Rxa2 Rb3 75. Ra4+ Kh5 76. Ra8 Rb4 77. Rh8+ Kg4 78. Rg8 Rb2+ 79. Kg1 Kf4 80. Ra8 Re2 81. Rb8 g4 82. Ra8 Kg3 83. Ra3+ Kh4 84. Ra8 Rb2 85. Ra3 Rc2 86. Rb3 Ra2 87. Rc3 Ra1+ 88. Kg2 Ra2+ 89. Kg1 g3 90. Rc8 Ra4 91. Rh8+ Kg4 92. Rg8+ Kf3 93. Rf8+ Rf4 94. Rxf4+ Kxf4 95. Kg2 Kg4 96. Kg1 Kh3 97. Kh1 g2+ 98. Kg1 Kg3 1/2-1/2

[Event "Portoroz op 11th"]
[Site "Portoroz"]
[Date "2017.07.22"]
[Round "1"]
[White "Subelj, Jan"]
[Black "Bajt, Hana"]
[Result "1-0"]
[WhiteElo "2136"]
[BlackElo "1597"]
[PlyCount "117"]
[EventDate "2017.07.22"]
[EventType "swiss"]
[EventRounds "9"]
[EventCountry "SLO"]
[SourceTitle "EXT 2018"]
[Source "ChessBase"]
[SourceDate "2017.10.13"]
[SourceVersion "1"]
[SourceVersionDate "2017.10.13"]
[SourceQuality "1"]

1. e4 e5 2. Nf3 Nc6 3. Bb5 Nf6 4. Qe2 Bc5 5. c3 d6 6. 0-0 0-0 7. d3 h6 8. Be3 Bb6 9. Nbd2 Re8 10. Rad1 Qe7 11. Rfe1 Bd7 12. Nc4 Bxe3 13. Nxe3 a6 14. Ba4 b5 15. Bc2 Rab8 16. Nh4 g6 17. g3 b4 18. Qd2 bxc3 19. bxc3 Be6 20. Ba4 Bd7 21. Nd5 Qd8 22. Qxh6 Nxd5 23. exd5 Ne7 24. Bb3 Nf5 25. Nxf5 Bxf5 26. f3 Qf6 27. Kg2 a5 28. Rd2 Bd7 29. Re4 Qg7 30. Qxg7+ Kxg7 31. Ba4 Bb5 32. Bxb5 Rxb5 33. d4 f5 34. Re3 Kf7 35. c4 Rb4 36. dxe5 dxe5 37. c5 Rc4 38. c6 e4 39. fxe4 Rexe4 40. Rb3 Ke7 41. Rb7 Kd6 42. Rb8 Rcd4 43. Rd8+ Kc5 44. Rc2+ Rc4 45. Rf2 Red4 46. Rg8 Rxd5 47. Rxg6 Kb6 48. h4 Rdc5 49. h5 Rxc6 50. Rxc6+ Rxc6 51. Rxf5 Re6 52. g4 Rh6 53. Kg3 c5 54. Kh4 c4 55. g5 Rh8 56. g6 c3 57. Rf1 Kc5 58. g7 Rg8 59. h6 1-0

[Event "SLO-ch U18 Girls"]
[Site "Ptuj"]
[Date "2017.02.27"]
[Round "1"]
[White "Unuk, Laura"]
[Black "Bajt, Hana"]
[Result "1-0"]
[WhiteElo "2241"]
[BlackElo "1601"]
[PlyCount "75"]
[EventDate "2017.02.27"]
[EventType "tourn"]
[EventRounds "5"]
[EventCountry "SLO"]
[SourceTitle "CBM 177 Extra"]
[Source "ChessBase"]
[SourceDate "2017.04.27"]
[SourceVersion "1"]
[SourceVersionDate "2017.04.27"]
[SourceQuality "1"]

1. d4 Nf6 2. c4 e6 3. Nf3 Bb4+ 4. Bd2 Be7 5. Nc3 d5 6. Bg5 Nbd7 7. e3 c6 8. Bd3 h6 9. Bh4 0-0 10. 0-0 b6 11. Qe2 c5 12. Rfd1 Qe8 13. Nb5 Qd8 14. Bg3 a6 15. Bc7 Qe8 16. Nd6 Bxd6 17. Bxd6 dxc4 18. Bxc4 b5 19. Bb3 c4 20. Bc2 Bb7 21. a4 Nb6 22. axb5 axb5 23. e4 Qc8 24. Bxf8 Qxf8 25. Qe1 b4 26. Rxa8 Bxa8 27. Ra1 b3 28. Bb1 Bb7 29. Qa5 Nfd7 30. h3 Qd6 31. Qc3 Bc6 32. Nd2 Bb5 33. Ra5 Na4 34. Ra8+ Nf8 35. Qa5 Qxd4 36. Qb4 Nc5 37. Qxb5 Qxd2 38. Qxc5 1-0

[Event "SLO-chT Central Superliga 17th"]
[Site "Slovenia"]
[Date "2016.11.24"]
[Round "9.4"]
[White "Juhant, Igor"]
[Black "Bajt, Hana"]
[Result "1-0"]
[WhiteElo "1964"]
[BlackElo "1586"]
[PlyCount "95"]
[EventDate "2016.09.22"]
[EventType "team-tourn"]
[EventRounds "9"]
[EventCountry "SLO"]
[SourceTitle "EXT 2023"]
[Source "ChessBase"]
[SourceDate "2022.10.05"]
[SourceVersion "1"]
[SourceVersionDate "2022.10.05"]
[SourceQuality "1"]
[WhiteTeam "Komenda Popotnik"]
[BlackTeam "Visnja Gora Sticna"]
[WhiteTeamCountry "SLO"]
[BlackTeamCountry "SLO"]

1. e4 e5 2. Nc3 Nc6 3. f4 Bb4 4. Nf3 d6 5. Bb5 exf4 6. 0-0 a6 7. Bxc6+ bxc6 8. d4 Ne7 9. Bxf4 Ng6 10. Bg3 0-0 11. Ne2 f5 12. exf5 Bxf5 13. c3 Ba5 14. Qa4 Bb6 15. Qxc6 Bd3 16. Rfe1 Ne7 17. Qa4 Nf5 18. Nf4 Bb5 19. Qb3+ Kh8 20. Ne6 Qf6 21. Nxf8 Nxg3 22. hxg3 Rxf8 23. Qe6 Qd8 24. a4 Bd7 25. Qe7 Qc8 26. a5 Ba7 27. Ng5 h6 28. Ne6 Rg8 29. g4 c5 30. Qxd6 cxd4 31. Nxd4 Bxg4 32. Re3 Re8 33. Rae1 Rxe3 34. Rxe3 Kh7 35. Qf4 Bh5 36. Re7 Bxd4+ 37. Qxd4 Qf8 38. Re6 Qc8 39. Qe4+ Kh8 40. Qe5 Bf7 41. Rxh6+ Kg8 42. Rb6 Qg4 43. Rb8+ Kh7 44. Rd8 Bg6 45. Qh2+ Bh5 46. Rd5 g6 47. Qc7+ Kh6 48. Qd8 1-0

[Event "SLO-ch U20 Girls"]
[Site "Bled"]
[Date "2016.06.26"]
[Round "3"]
[White "Bajt, Hana"]
[Black "Janzelj, Lara"]
[Result "0-1"]
[WhiteElo "1588"]
[BlackElo "2081"]
[PlyCount "134"]
[EventDate "2016.06.25"]
[EventType "swiss"]
[EventRounds "7"]
[EventCountry "SLO"]
[SourceTitle "EXT 2019"]
[Source "ChessBase"]
[SourceDate "2018.10.10"]
[SourceVersion "1"]
[SourceVersionDate "2018.10.10"]
[SourceQuality "1"]

1. e4 e5 2. Nf3 Nc6 3. Bc4 Bc5 4. c3 Nf6 5. d3 d6 6. Bb3 0-0 7. 0-0 a6 8. Nbd2 Bg4 9. h3 Bh5 10. Re1 Nd7 11. Nf1 Kh8 12. Ng3 Bg6 13. Bc2 Ne7 14. Nh4 h6 15. Nxg6+ fxg6 16. d4 exd4 17. cxd4 Bb6 18. Be3 Nc6 19. Ba4 Qf6 20. Bxc6 bxc6 21. Qd2 c5 22. Ne2 cxd4 23. Bxd4 Bxd4 24. Qxd4 Rab8 25. b3 Qh4 26. Rac1 Nc5 27. f3 Ne6 28. Qf2 Qf6 29. Red1 Nc5 30. Qd4 Qg5 31. Rc3 a5 32. Rf1 Rb4 33. Qe3 Qxe3+ 34. Rxe3 a4 35. Nc1 axb3 36. Nxb3 Ne6 37. Rd1 Ra8 38. Rd2 Rba4 39. Ree2 R8a6 40. e5 Nf4 41. Rf2 Kg8 42. exd6 cxd6 43. Rd4 g5 44. Rxa4 Rxa4 45. Rd2 Kf7 46. Kf2 h5 47. Nd4 d5 48. Ne2 Ke6 49. Nd4+ Ke5 50. Nc6+ Kd6 51. Nd4 g6 52. g3 Nxh3+ 53. Kg2 g4 54. f4 g5 55. f5 Ke5 56. Kf1 Rc4 57. Kg2 Rc3 58. Ne2 Re3 59. Nc1 Rf3 60. Nd3+ Kd6 61. Nf2 h4 62. gxh4 Nf4+ 63. Kg1 gxh4 64. a4 g3 65. Ng4 h3 66. a5 Ra3 67. Nf6 Ra1+ 0-1